Top 10 des prénoms de garçons en France en 2022 - Statistiques

Statistiques générales
  • Ce quiz a été pris 12 230 fois
  • Le résultat moyen est 4 sur 10
Statistiques - réponses
Rang Réponse % Correct
2e Léo
66%
5e Louis
56%
10e Lucas
54%
1er Gabriel
45%
7e Jules
43%
3e Raphaël
34%
6e Noah
32%
8e Arthur
31%
4e Maël
25%
9e Adam
18%
Aucun quiz correspondant
Distribution des résultats
% des personnes avec chaque résultat
Percentile par nombre de réponses
Votre historique - résultats
Vous n’avez pas pris ce quiz